[ZAREJESTROWANI] Kandydaci na Prezydenta RP - Statystyki

Ogólne statystyki
  • Ten quiz został rozwiązany 52 razy
  • Średni wynik to 12 z 13
Statystyki odpowiedzi
Przynależność Polityczna Kandydat % Poprawnych
Polska 2050 Szymona Hołowni HOŁOWNIA Szymon Franciszek
100%
Konfederacja Wolność i Niepodległość MENTZEN Sławomir Jerzy
100%
Prawo i Sprawiedliwość(Popierany) NAWROCKI Karol Tadeusz
100%
Lewica (Popierany) BIEJAT Magdalena Agnieszka
98%
Platforma Obywatelska RP TRZASKOWSKI Rafał Kazimierz
98%
Konfederacja Korony Polskiej BRAUN Grzegorz Michał
96%
Razem ZANDBERG Adrian Tadeusz
96%
Bezpartyjny STANOWSKI Krzysztof Jakub
90%
Polska Partia Socjalistyczna (Popierany) SENYSZYN Joanna
88%
Federacja dla Rzeczypospolitej JAKUBIAK Marek
82%
Ruch Dobrobytu i Pokoju (Popierany) MACIAK Maciej
82%
Bezpartyjni Samorządowcy - Łączy nas Polska WOCH Marek Marian
71%
Bezpartyjny BARTOSZEWICZ Artur
63%
Nie znaleziono quizów pasujących do podanych kryteriów
Rozkład punktacji
Procent ludzi z każdym wynikiem
Percentyl według liczby udzielonych odpowiedzi
Twoja historia wyników
Nie rozwiązałeś tego quizu